| Поле | Название | Значение |
| |
Тип записи |
a |
| |
Библиографический уровень |
m |
| 001 |
Контрольный номер |
RU\NLR\BIBL_A\011917053 |
| 005 |
Дата корректировки |
20230315104337.4 |
| 010 |
Индекс ISBN |
__ |
| a |
ISBN |
978-5-903445-55-4 (в пер.) |
| d |
Цена |
619-38, 1500 экз. |
| 021 |
№ государственной регистрации |
__ |
| b |
№ документа |
2018-97879 |
| 100 |
Данные общей обработки |
__ |
| a |
Данные общей обработки |
19190124d2018 |||y0rusy0189 ca |
| 101 |
Язык документа |
1_ |
| a |
Язык текста |
rus |
| c |
Язык оригинала |
ita |
| 102 |
Страна публикации |
__ |
| a |
Страна публикации |
RU |
| 102 |
Страна публикации |
__ |
| a |
Страна публикации |
RU |
| 105 |
Кодированные данные (монография) |
__ |
| a |
Кодированные данные (монография) |
a|||||||001zy |
| 200 |
Заглавие и сведения об ответственности |
1_ |
| a |
Заглавие |
Исчезнувшая библиотека |
| f |
Первые сведения об ответственности |
Лучано Канфора ; перевод с итальянского Анастасии Миролюбовой |
| b |
Общее обозначение материала |
Текст |
| 210 |
Выходные данные |
1_ |
| a |
Место издания |
Санкт-Петербург |
| c |
Издательство |
Alexandria |
| d |
Дата издания |
2018 |
| 215 |
Физическое описание |
__ |
| a |
Объем |
222 с. |
| c |
Иллюстрации/тип воспроизводства |
ил. |
| d |
Формат |
19 см |
| 225 |
Серия |
2_ |
| a |
Серия |
Независимый альянс |
| 300 |
Общие примечания |
__ |
| a |
Общие примечания |
La biblioteka scomparsa |
| 320 |
Библиография |
__ |
| a |
Библиография |
Указатель имен: с. 210-220 |
| 330 |
Аннотация |
__ |
| a |
Аннотация |
Об Александрийской библиотеке - самой знаменитой библиотеке Древнего мира, созданной в III веке до н.э. с целью собрать "все книги всех народов" (основатели оценивали задачу приблизительно в 500 тыс. свитков) - мы знаем на удивление мало и даже слово "библиотека" понимаем иначе. Профессор Канфора в своей книге подвергает тщательной ревизии всё, что известно об Исчезнувшей Библиотеке, и заново реконструирует ее девятивековую историю. |
| 605 |
Заглавие как предмет |
__ |
| a |
Заглавие |
Александрийская библиотека |
| 606 |
Тематические рубрики |
__ |
| a |
Основная рубрика |
Библиотечное дело |
| 606 |
Тематические рубрики |
__ |
| a |
Основная рубрика |
История библиотечного дела |
| z |
Хронологическая подрубрика |
3 в. до н. э. |
| z |
Хронологическая подрубрика |
4 в. до н. э. |
| y |
Географическая подрубрика |
Александрия |
| y |
Географическая подрубрика |
Египет |
| 610 |
Ключевые слова |
0_ |
| a |
Ключевые слова |
библиотеки |
| 610 |
Ключевые слова |
0_ |
| a |
Ключевые слова |
древние библиотеки |
| 610 |
Ключевые слова |
0_ |
| a |
Ключевые слова |
исчезнувшие библиотеки |
| 610 |
Ключевые слова |
0_ |
| a |
Ключевые слова |
история библиотек |
| 610 |
Ключевые слова |
0_ |
| a |
Ключевые слова |
древний мир |
| 610 |
Ключевые слова |
0_ |
| a |
Ключевые слова |
античность |
| 610 |
Ключевые слова |
0_ |
| a |
Ключевые слова |
книги |
| 686 |
Индексы других классификаций |
__ |
| 2 |
Код системы |
rubbks |
| a |
Классификационный индекс |
78.33 |
| 700 |
Автор |
_1 |
| a |
Фамилия |
Канфора |
| b |
Имя |
Л. |
| f |
Даты |
1942- |
| g |
Полное личное имя |
Лучано |
| 4 |
Код отношения |
070 |
| 702 |
Вторичная интеллектуальная ответственность |
_1 |
| a |
Фамилия |
Миролюбова |
| b |
Имя |
А. |
| 4 |
Код отношения |
Переводчик |
| g |
Полное личное имя |
Анастасия |
| 4 |
Код отношения |
730 |
| 801 |
Источник записи |
_0 |
| a |
Страна |
RU |
| b |
Организация |
NLR |
| c |
Дата составления |
20190124 |
| g |
Правила каталогизации |
PSBO |
| 801 |
Источник записи |
_2 |
| a |
Страна |
RU |
| b |
Организация |
Муниципальное бюджетное учреждение культуры "Централизованная библиотечная система" г. Сургут (Центральная городская библиотека им. А. С. Пушкина) |
| c |
Дата составления |
20190124 |
| 852 |
Данные о местонахождении |
__ |
| j |
Шифр хранения |
78.33 |
| i |
Авторский знак |
К 19 |
| 901 |
Тип документа |
__ |
| a |
Ответственный |
КиК/Лукашук |
| t |
Тип документа |
m |
| 903 |
Характеристики (МАРС) |
__ |
| a |
Дата передачи |
20191217 |
| 990 |
Данные о заказе (DOS) |
__ |
| j |
Количество экземпляров (DOS) |
1 |
| t |
N записи в КСУ для И/У (DOS) |
202001 |